[Event "CZE-ch Youth B14 2022"]
[Site "Luhacovice"]
[Date "2022.03.13"]
[Round "2.5"]
[White "Siles, Jan"]
[Black "Babula, Matej"]
[Result "0-1"]
[WhiteElo "1548"]
[BlackElo "1753"]
[Annotator "NA"]
[PlyCount "78"]
[EventDate "2022.03.12"]
[EventType "swiss"]
[EventCountry "CZE"]
[SourceTitle "playchess.com"]
[Source "ChessBase"]
[SourceQuality "1"]
[TimeControl "40/5400+30:1800+30"]

1. e4 {[%emt 0:00:07]} c5 {[%emt 0:00:10]} 2. Nf3 {[%emt 0:00:10]} e6 {[%emt 0:00:06]} 3. d4 {[%emt 0:00:29]} cxd4 {[%emt 0:00:03]} 4. Nxd4 {[%emt 0:00:11]} a6 {[%emt 0:00:05]} 5. Nc3 {[%emt 0:01:02]} Qc7 {[%emt 0:00:15]} 6. Be2 {[%emt 0:01:25]} b5 {[%emt 0:00:33]} 7. a3 {[%emt 0:01:25]} Bb7 {[%emt 0:01:07]} 8. O-O {[%emt 0:03:59]} Nc6 {[%emt 0:02:05]} 9. Be3 {[%emt 0:04:14]} Nf6 {[%emt 0:03:11]} 10. f4 {[%emt 0:04:49]} Bc5 {[%emt 0:19:03]} 11. e5 {[%emt 0:10:30]} Nxd4 {[%emt 0:00:19]} 12. Bxd4 {[%emt 0:00:07]} Ne4 {[%emt 0:00:30]} 13. Nxe4 {[%emt 0:05:11]} Bxe4 {[%emt 0:00:18]} 14. c3 {[%emt 0:00:14]} d6 {[%emt 0:08:20]} 15. Kh1 {[%emt 0:15:53]} Qc6 {[%emt 0:08:46]} 16. Bf3 {[%emt 0:00:53]} Bxf3 {[%emt 0:00:24]} 17. Rxf3 {[%emt 0:03:41]} Bxd4 {[%emt 0:04:20]} 18. Qxd4 {[%emt 0:00:43]} dxe5 {[%emt 0:00:52]} 19. Qxe5 {[%emt 0:02:13]} O-O {[%emt 0:03:32]} 20. Rd1 {[%emt 0:08:22]} Rad8 {[%emt 0:02:00]} 21. Rxd8 {[%emt 0:01:52]} Rxd8 {[%emt 0:00:22]} 22. Rd3 {[%emt 0:00:51]} Qb6 {[%emt 0:10:22]} 23. Qe3 {[%emt 0:07:31]} Rxd3 {[%emt 0:00:51]} 24. Qxb6 {[%emt 0:00:16]} Rd1+ {[%emt 0:00:04]} 25. Qg1 {[%emt 0:00:07]} Rxg1+ {[%emt 0:00:03]} 26. Kxg1 {[%emt 0:00:07]} Kf8 {[%emt 0:00:34]} 27. Kf2 {[%emt 0:00:12]} Ke7 {[%emt 0:00:57]} 28. Ke3 {[%emt 0:01:02]} Kd6 {[%emt 0:00:43]} 29. Kd4 {[%emt 0:01:19]} f6 {[%emt 0:01:45]} 30. b4 {[%emt 0:02:17]} e5+ {[%emt 0:04:20]} 31. fxe5+ {[%emt 0:02:08]} fxe5+ {[%emt 0:00:04]} 32. Ke4 {[%emt 0:00:19]} Ke6 {[%emt 0:01:37]} 33. g4 {[%emt 0:12:36]} g5 {[%emt 0:01:42]} 34. Kd3 {[%emt 0:02:18]} Kd5 {[%emt 0:01:00]} 35. Kc2 {[%emt 0:00:28]} Ke4 {[%emt 0:03:56]} 36. Kd2 {[%emt 0:01:50]} Kf3 {[%emt 0:02:31]} 37. c4 {[%emt 0:03:07]} bxc4 {[%emt 0:00:22]} 38. a4 {[%emt 0:00:08]} e4 {[%emt 0:06:10]} 39. b5 {[%emt 0:01:17]} e3+ {[%emt 0:00:08]} 0-1

[Event "CZE-ch Youth B14 2022"]
[Site "Luhacovice"]
[Date "2022.03.13"]
[Round "2.6"]
[White "Brozka, Karel"]
[Black "Sigut, Ondrej"]
[Result "1-0"]
[WhiteElo "2125"]
[BlackElo "1536"]
[Annotator "NA"]
[PlyCount "59"]
[EventDate "2022.03.12"]
[EventType "swiss"]
[EventCountry "CZE"]
[SourceTitle "playchess.com"]
[Source "ChessBase"]
[SourceQuality "1"]
[TimeControl "40/5400+30:1800+30"]

1. d4 {[%emt 0:00:07]} Nf6 {[%emt 0:00:08]} 2. c4 {[%emt 0:00:24]} g6 {[%emt 0:00:07]} 3. Nc3 {[%emt 0:00:09]} d5 {[%emt 0:00:10]} 4. Nf3 {[%emt 0:00:41]} Bg7 {[%emt 0:00:47]} 5. Bg5 {[%emt 0:00:44]} dxc4 {[%emt 0:01:49]} 6. e4 {[%emt 0:05:49]} c5 {[%emt 0:03:50]} 7. d5 {[%emt 0:02:18]} h6 {[%emt 0:00:55]} (7... b5 $5) 8. Bxf6 {[%emt 0:17:48]} Bxf6 {[%emt 0:00:19]} 9. e5 {[%emt 0:00:33]} Bg7 {[%emt 0:00:18]} 10. Qa4+ {[%emt 0:02:07]} Bd7 {[%emt 0:03:02]} 11. Qxc4 $11 {[%emt 0:00:33]} Qc8 {[%emt 0:09:58]} 12. Bd3 {[%emt 0:02:32]} O-O {[%emt 0:04:08]} 13. O-O {[%emt 0:09:01]} Bg4 {[%emt 0:10:29]} 14. Rfe1 {[%emt 0:01:20]} Bxf3 {[%emt 0:10:32]} 15. gxf3 {[%emt 0:00:12]} Kh7 {[%emt 0:04:27]} 16. Re3 {[%emt 0:04:10]} Nd7 {[%emt 0:04:52]} 17. f4 {[%emt 0:02:25]} Nb6 {[%emt 0:04:45]} 18. Qe4 {[%emt 0:00:33]} Rd8 {[%emt 0:01:46]} 19. Rg3 {[%emt 0:04:05]} Qd7 {[%emt 0:07:04]} 20. e6 {[%emt 0:03:56]} f5 {[%emt 0:03:23]} 21. Qg2 {[%emt 0:04:09]} Qe8 {[%emt 0:01:57]} 22. Bxf5 {[%emt 0:02:23]} gxf5 {[%emt 0:00:45]} 23. Rxg7+ {[%emt 0:00:08]} Kh8 {[%emt 0:00:06]} 24. Kh1 {[%emt 0:01:29]} Nxd5 {[%emt 0:08:26]} 25. Nxd5 {[%emt 0:01:00]} Rxd5 {[%emt 0:00:28]} 26. Qxd5 {[%emt 0:00:48]} Kxg7 {[%emt 0:00:28]} 27. Rg1+ {[%emt 0:00:19]} Kh7 {[%emt 0:00:56]} 28. Qxf5+ {[%emt 0:00:06]} Kh8 {[%emt 0:00:05]} 29. Qe5+ {[%emt 0:00:05]} Kh7 {[%emt 0:00:06]} 30. Qg7# {[%emt 0:00:04]} 1-0

[Event "CZE-ch Youth B14 2022"]
[Site "Luhacovice"]
[Date "2022.03.13"]
[Round "2.7"]
[White "Setina, Vaclav"]
[Black "Vysinsky, Otakar"]
[Result "1-0"]
[WhiteElo "1881"]
[BlackElo "1534"]
[Annotator "NA"]
[PlyCount "177"]
[EventDate "2022.03.12"]
[EventType "swiss"]
[EventCountry "CZE"]
[SourceTitle "playchess.com"]
[Source "ChessBase"]
[SourceQuality "1"]
[TimeControl "40/5400+30:1800+30"]

1. e4 {[%emt 0:00:30]} e5 {[%emt 0:00:06]} 2. Nf3 {[%emt 0:00:00]} Nf6 {[%emt 0:00:07]} 3. Nxe5 {[%emt 0:00:03]} d6 {[%emt 0:00:10]} 4. Nf3 {[%emt 0:00:15]} Nxe4 {[%emt 0:00:06]} 5. Bd3 {[%emt 0:00:43]} Nc5 {[%emt 0:04:49]} (5... Nf6 $11 {deserves consideration.}) 6. Be2 $1 {[%emt 0:00:39]} d5 {[%emt 0:02:07]} 7. O-O {[%emt 0:00:58]} (7. d4 $5 {[%cal Rd4c5]} Ne4 8. O-O $14) 7... Bd6 {[%emt 0:02:14]} 8. d4 {[%emt 0:00:27]} Ne4 {[%emt 0:01:01]} 9. c4 {[%emt 0:00:45]} c6 {[%emt 0:00:34]} 10. Nc3 {[%emt 0:00:19]} O-O {[%emt 0:02:05]} 11. cxd5 {[%emt 0:02:58]} Nxc3 {[%emt 0:01:00]} 12. bxc3 {[%emt 0:00:01]} cxd5 {[%emt 0:00:22]} 13. Bd3 {[%emt 0:06:00]} Bg4 {[%emt 0:06:51] 13...Nd7 is the recent fashion.} 14. Rb1 {[%emt 0:06:52]} b6 {[%emt 0:06:56]} 15. Bc2 {[%emt 0:12:34]} Bh5 {[%emt 0:07:22] [#]} 16. c4 $146 {[%emt 0:00:22]} ({Predecessor:} 16. Re1 Nc6 17. Bf5 Qf6 18. Qd3 Bg6 19. Bxg6 Qxg6 20. Qxg6 hxg6 21. Rb5 Ne7 22. a4 Rfc8 23. Bd2 f6 24. g3 {0-1 (75) Hunt,H (2330)-Stefanova,A (2410) London 1997}) 16... Qc7 {[%emt 0:05:00]} 17. Bxh7+ {[%emt 0:14:43]} Kxh7 {[%emt 0:03:51]} 18. Ng5+ {[%emt 0:00:13]} Kg6 {[%emt 0:00:13]} 19. Qd3+ {[%emt 0:00:09]} f5 {[%emt 0:08:19]} 20. Ne6 {[%emt 0:01:05]} Qc8 {[%emt 0:12:44]} 21. Nxf8+ {[%emt 0:00:29]} Qxf8 {[%emt 0:01:32]} 22. c5 {[%emt 0:01:46]} Bc7 {[%emt 0:03:33]} 23. Qe3 {[%emt 0:00:21]} Qf7 {[%emt 0:03:07]} 24. Re1 {[%emt 0:02:08]} Kh7 {[%emt 0:04:33]} 25. Ba3 {[%emt 0:03:50]} Nc6 {[%emt 0:02:09]} 26. Qc3 {[%emt 0:03:58]} Rc8 {[%emt 0:03:48]} 27. Rbc1 {[%emt 0:02:45]} b5 {[%emt 0:02:13]} 28. Qd3 {[%emt 0:05:12]} a6 {[%emt 0:01:40]} 29. Bb2 {[%emt 0:01:52]} Rb8 {[%emt 0:05:07]} 30. Bc3 {[%emt 0:05:01]} Bg6 {[%emt 0:03:02]} 31. a4 {[%emt 0:00:44]} f4 {[%emt 0:01:45]} 32. Qh3+ {[%emt 0:00:23]} Kg8 {[%emt 0:00:02]} 33. axb5 {[%emt 0:00:02]} axb5 {[%emt 0:01:32]} 34. Ra1 {[%emt 0:01:12]} b4 {[%emt 0:00:57]} 35. Bb2 {[%emt 0:00:20]} Bf5 {[%emt 0:01:09]} 36. Qf3 {[%emt 0:01:31]} Be4 {[%emt 0:01:31]} 37. Qg4 {[%emt 0:00:45]} Bf5 {[%emt 0:02:40]} 38. Qe2 {[%emt 0:00:30]} Bd7 {[%emt 0:01:00]} 39. Reb1 {[%emt 0:04:46]} Na5 {[%emt 0:01:39]} 40. Bc1 {[%emt 0:01:34]} Bb5 {[%emt 0:00:56]} 41. Qf3 {[%emt 0:39:43]} Nc6 {[%emt 0:30:35]} 42. Bb2 {[%emt 0:04:14]} Re8 {[%emt 0:00:00]} 43. Re1 {[%emt 0:00:00]} Rxe1+ {[%emt 0:00:00]} 44. Rxe1 {[%emt 0:00:00]} Na5 {[%emt 0:00:00]} 45. Ra1 {[%emt 0:00:00]} Qe6 {[%emt 0:00:00]} 46. h3 {[%emt 0:00:00]} Be2 {[%emt 0:00:00]} 47. Re1 {[%emt 0:00:00]} Bxf3 {[%emt 0:00:00]} 48. Rxe6 {[%emt 0:00:00]} Bh5 {[%emt 0:00:00]} 49. Re7 {[%emt 0:00:00]} Bb8 {[%emt 0:00:00]} 50. Rd7 {[%emt 0:00:00]} Nc6 {[%emt 0:00:00]} 51. Rxd5 {[%emt 0:00:00]} Bf7 {[%emt 0:00:00]} 52. Rg5 {[%emt 0:00:00]} Ne7 {[%emt 0:00:00]} 53. d5 {[%emt 0:04:49]} Bxd5 {[%emt 0:00:00]} 54. Bxg7 {[%emt 0:00:55]} Kf7 {[%emt 0:00:44]} 55. h4 {[%emt 0:00:49]} Be4 {[%emt 0:03:02]} 56. h5 {[%emt 0:01:37]} b3 {[%emt 0:02:09]} 57. h6 {[%emt 0:00:37]} (57. Bb2 $14 Ke6 58. Rg7) 57... Bh7 {[%emt 0:00:26]} 58. Bb2 {[%emt 0:02:53]} Nf5 {[%emt 0:00:15]} 59. c6 {[%emt 0:00:30]} Bc7 {[%emt 0:00:41]} 60. g4 {[%emt 0:00:38]} fxg3 {[%emt 0:00:11]} 61. fxg3 {[%emt 0:00:08]} Bd8 {[%emt 0:02:00]} 62. Rg4 {[%emt 0:01:27]} Bb6+ {[%emt 0:00:38]} 63. Kh2 {[%emt 0:00:31]} Bc7 {[%emt 0:00:44]} 64. Kh3 {[%emt 0:00:31]} Ke6 {[%emt 0:00:29]} 65. Rb4 {[%emt 0:02:57]} Nxg3 {[%emt 0:00:41]} 66. Rxb3 {[%emt 0:00:58]} Nf5 {[%emt 0:00:30]} 67. Rb7 {[%emt 0:00:13]} Nxh6 {[%emt 0:00:30]} 68. Rxc7 {[%emt 0:00:25]} Bf5+ {[%emt 0:00:08]} 69. Kg3 {[%emt 0:00:44]} Kd6 {[%emt 0:00:44]} 70. Ra7 {[%emt 0:00:13]} Bc8 {[%emt 0:00:34]} 71. c7 {[%emt 0:00:34]} Nf5+ {[%emt 0:00:18]} 72. Kf4 {[%emt 0:00:03]} Kc6 {[%emt 0:00:47]} 73. Be5 {[%emt 0:00:34]} Ne7 {[%emt 0:00:30]} 74. Ke4 {[%emt 0:00:42]} Kd7 {[%emt 0:00:28]} 75. Ra1 {[%emt 0:00:29]} Bb7+ {[%emt 0:00:19]} 76. Kd3 {[%emt 0:00:49]} Nc6 {[%emt 0:00:25]} 77. Bg3 {[%emt 0:01:00]} Nb4+ {[%emt 0:00:35]} 78. Kc4 $18 {[%emt 0:00:19]} Nc6 {[%emt 0:00:39]} 79. Kc5 {[%emt 0:00:19]} Kc8 {[%emt 0:00:35]} 80. Rh1 {[%emt 0:01:01]} Ne7 {[%emt 0:00:29]} 81. Rh8+ {[%emt 0:00:11]} Kd7 {[%emt 0:00:20]} 82. Rd8+ {[%emt 0:00:20]} Ke6 {[%emt 0:00:17]} 83. Kb6 {[%emt 0:01:02]} Bc8 {[%emt 0:00:27]} 84. Bh4 {[%emt 0:00:57]} Nd5+ {[%emt 0:00:36]} 85. Kc6 {[%emt 0:00:22]} Nb4+ {[%emt 0:00:33]} 86. Kc5 {[%emt 0:00:36]} Na6+ {[%emt 0:00:35]} 87. Kb6 {[%emt 0:00:05]} Nxc7 {[%emt 0:00:27]} 88. Kxc7 {[%emt 0:00:01]} Ba6 {[%emt 0:00:16]} 89. Rd6+ {[%emt 0:00:04]} 1-0

[Event "CZE-ch Youth B14 2022"]
[Site "Luhacovice"]
[Date "2022.03.13"]
[Round "2.8"]
[White "Jasso, Matej"]
[Black "Hozda, Max"]
[Result "1-0"]
[WhiteElo "1726"]
[BlackElo "1901"]
[Annotator "NA"]
[PlyCount "64"]
[EventDate "2022.03.12"]
[EventType "swiss"]
[EventCountry "CZE"]
[SourceTitle "playchess.com"]
[Source "ChessBase"]
[SourceQuality "1"]
[TimeControl "40/5400+30:1800+30"]

1. e4 {[%emt 0:00:06]} c6 {[%emt 0:00:07]} 2. d4 {[%emt 0:00:09]} d5 {[%emt 0:00:04]} 3. f3 {[%emt 0:00:05]} e6 {[%emt 0:00:06]} 4. Nc3 {[%emt 0:00:28]} Bb4 {[%emt 0:00:07]} 5. exd5 {[%emt 0:03:03]} exd5 {[%emt 0:15:53]} 6. Be3 {[%emt 0:02:04]} Bf5 {[%emt 0:00:47]} 7. Bd3 {[%emt 0:02:19]} Bg6 {[%emt 0:01:45]} 8. Nge2 {[%emt 0:01:29]} Nf6 {[%emt 0:02:56]} 9. Qd2 {[%emt 0:01:25]} Nbd7 $11 {[%emt 0:01:54]} 10. h4 {[%emt 0:05:20]} Qc7 {[%emt 0:04:35]} 11. g4 {[%emt 0:07:16]} O-O-O {[%emt 0:05:15]} 12. O-O-O {[%emt 0:02:02]} Rde8 {[%emt 0:06:39]} 13. g5 {[%emt 0:12:43]} Nh5 {[%emt 0:02:55]} 14. a3 {[%emt 0:03:54]} Bd6 {[%emt 0:05:51]} 15. Rhf1 {[%emt 0:10:54]} Ng3 16. Nxg3 Bxd3 {[%emt 0:08:20]} 17. cxd3 {[%emt 0:01:18]} Bxg3 {[%emt 0:01:05]} 18. f4 {[%emt 0:00:53]} h6 {[%emt 0:09:14]} 19. Rf3 {[%emt 0:06:04]} Bxh4 {[%emt 0:01:17]} 20. Rh1 {[%emt 0:03:53]} hxg5 {[%emt 0:01:51]} 21. fxg5 {[%emt 0:02:47]} f6 {[%emt 0:08:00]} 22. Bf4 {[%emt 0:04:39]} Qb6 {[%emt 0:03:58]} 23. Na4 {[%emt 0:12:44]} Qxd4 {[%emt 0:04:26]} 24. Qa5 {[%emt 0:00:41]} Ne5 {[%emt 0:00:43]} 25. Bxe5 {[%emt 0:01:11]} Rxe5 {[%emt 0:00:50]} 26. gxf6 {[%emt 0:03:20]} gxf6 {[%emt 0:05:33]} 27. Rhf1 {[%emt 0:03:26]} Bg5+ {[%emt 0:00:51]} 28. Kb1 {[%emt 0:00:29]} Re2 {[%emt 0:01:08]} 29. Nc3 {[%emt 0:05:24]} Rd2 {[%emt 0:01:33]} 30. Re1 {[%emt 0:01:21]} f5 {[%emt 0:04:09]} 31. Ka1 {[%emt 0:01:46]} f4 {[%emt 0:03:31]} 32. Rb1 {[%emt 0:01:28]} Rdh2 {[%emt 0:00:00]} 1-0

[Event "CZE-ch Youth B14 2022"]
[Site "Luhacovice"]
[Date "2022.03.13"]
[Round "2.9"]
[White "Zelba, Lukas"]
[Black "Juhanak, Daniel"]
[Result "1-0"]
[WhiteElo "1945"]
[BlackElo "1688"]
[Annotator "NA"]
[PlyCount "120"]
[EventDate "2022.03.12"]
[EventType "swiss"]
[EventCountry "CZE"]
[SourceTitle "playchess.com"]
[Source "ChessBase"]
[SourceQuality "1"]
[TimeControl "40/5400+30:1800+30"]

1. d4 {[%emt 0:00:46]} d5 {[%emt 0:01:17]} 2. Nf3 {[%emt 0:00:10]} Nf6 {[%emt 0:00:45]} 3. e3 {[%emt 0:00:38]} c5 {[%emt 0:00:50]} 4. b3 {[%emt 0:01:04]} cxd4 {[%emt 0:01:14]} 5. Nxd4 {[%emt 0:00:31]} e5 {[%emt 0:04:04]} 6. Nf3 {[%emt 0:00:38]} Nc6 {[%emt 0:01:26]} 7. Bb2 {[%emt 0:02:21]} Bd6 {[%emt 0:03:17]} 8. Nbd2 {[%emt 0:01:42]} O-O {[%emt 0:02:29]} 9. Bb5 {[%emt 0:04:27]} Qc7 {[%emt 0:05:45]} 10. h3 {[%emt 0:03:14]} h6 $15 {[%emt 0:07:19]} (10... a6 $17 11. Bxc6 bxc6) 11. O-O {[%emt 0:09:52]} Bf5 {[%emt 0:02:56]} 12. a3 {[%emt 0:01:57]} Rfd8 {[%emt 0:13:49]} 13. Rc1 {[%emt 0:02:55]} Qe7 {[%emt 0:10:08]} 14. b4 {[%emt 0:08:13]} a6 {[%emt 0:02:49]} 15. Bxc6 {[%emt 0:03:00]} bxc6 {[%emt 0:00:51]} 16. Nb3 {[%emt 0:01:34]} Bc7 {[%emt 0:08:27]} 17. Re1 {[%emt 0:02:41]} Nd7 {[%emt 0:04:49]} 18. Qe2 {[%emt 0:02:41]} a5 {[%emt 0:07:59]} 19. bxa5 {[%emt 0:04:08]} c5 {[%emt 0:08:33]} 20. c4 {[%emt 0:18:06]} e4 21. Nfd2 {[%emt 0:03:56]} Ne5 {[%emt 0:08:06]} 22. Bxe5 {[%emt 0:01:22]} Qxe5 {[%emt 0:00:47]} 23. f4 {[%emt 0:01:04]} Qb2 {[%emt 0:02:21]} 24. Rb1 {[%emt 0:08:19]} Qxa3 {[%emt 0:01:18]} 25. Ra1 {[%emt 0:00:26]} Qb4 {[%emt 0:00:38]} 26. Reb1 {[%emt 0:00:29]} dxc4 {[%emt 0:00:37]} 27. Nd4 {[%emt 0:01:32]} Qc3 {[%emt 0:00:33]} 28. Rc1 {[%emt 0:01:22]} Qb2 {[%emt 0:00:42]} 29. Rab1 {[%emt 0:01:02]} Qa2 {[%emt 0:00:36]} 30. Rc2 {[%emt 0:00:44]} Qa4 {[%emt 0:00:26]} 31. Rxc4 Qa2 {[%emt 0:00:31]} 32. Rxc5 {[%emt 0:04:44]} Bxa5 {[%emt 0:00:31]} 33. Rc2 {[%emt 0:00:57]} Qa4 {[%emt 0:00:22]} 34. Nc4 {[%emt 0:02:39]} Be6 {[%emt 0:00:36]} 35. Nxe6 {[%emt 0:00:47]} fxe6 {[%emt 0:00:32]} 36. Ra2 {[%emt 0:00:27]} Qd7 {[%emt 0:00:31]} 37. Rxa5 {[%emt 0:01:02]} Rxa5 {[%emt 0:00:32]} 38. Nxa5 {[%emt 0:00:07]} Qa4 {[%emt 0:00:28]} 39. Nc4 {[%emt 0:01:48]} Qa6 {[%emt 0:00:30]} 40. Kf2 {[%emt 0:00:46]} Rd3 {[%emt 0:00:25]} 41. Ne5 {[%emt 0:30:33]} Ra3 {[%emt 0:01:23]} 42. Qxa6 {[%emt 0:00:00]} Rxa6 {[%emt 0:01:57]} 43. Rb4 {[%emt 0:00:00]} Kf8 {[%emt 0:00:40]} 44. Rxe4 {[%emt 0:00:00]} Ke7 {[%emt 0:00:41]} 45. Nd3 {[%emt 0:00:00]} Kf6 {[%emt 0:00:23]} 46. Kf3 {[%emt 0:00:00]} g5 {[%emt 0:01:11]} 47. Nc5 {[%emt 0:00:00]} Rc6 {[%emt 0:00:24]} 48. Rxe6+ {[%emt 0:00:00]} Rxe6 {[%emt 0:00:10]} 49. Nxe6 {[%emt 0:00:00]} Kxe6 {[%emt 0:00:01]} 50. fxg5 {[%emt 0:00:00]} hxg5 {[%emt 0:00:10]} 51. Kg4 {[%emt 0:00:00]} Kf6 {[%emt 0:00:14]} 52. e4 {[%emt 0:00:00]} Ke5 {[%emt 0:00:39]} 53. Kxg5 {[%emt 0:00:00]} Kxe4 {[%emt 0:00:10]} 54. h4 {[%emt 0:00:00]} Ke5 {[%emt 0:00:14]} 55. h5 {[%emt 0:00:00]} Ke6 {[%emt 0:00:11]} 56. Kg6 {[%emt 0:00:00]} Ke7 {[%emt 0:00:16]} 57. Kg7 {[%emt 0:00:00]} Ke6 {[%emt 0:00:11]} 58. h6 {[%emt 0:00:00]} Ke5 {[%emt 0:00:21]} 59. h7 {[%emt 0:00:00]} Ke4 {[%emt 0:00:08]} 60. h8=Q {[%emt 0:00:00]} Kd5 {[%emt 0:00:08]} 1-0

[Event "CZE-ch Youth B14 2022"]
[Site "Luhacovice"]
[Date "2022.03.13"]
[Round "2.10"]
[White "Svoboda, Daniel"]
[Black "Juracak, David"]
[Result "1/2-1/2"]
[WhiteElo "1619"]
[BlackElo "1717"]
[Annotator "NA"]
[PlyCount "84"]
[EventDate "2022.03.12"]
[EventType "swiss"]
[EventCountry "CZE"]
[SourceTitle "playchess.com"]
[Source "ChessBase"]
[SourceQuality "1"]
[TimeControl "40/5400+30:1800+30"]

1. e4 {[%emt 0:00:08]} e5 {[%emt 0:00:07]} 2. Nf3 {[%emt 0:00:09]} Nf6 {[%emt 0:00:05]} 3. Nxe5 {[%emt 0:00:21]} d6 {[%emt 0:00:07]} 4. Nf3 {[%emt 0:00:12]} Nxe4 {[%emt 0:00:07]} 5. Nc3 {[%emt 0:00:07]} Nxc3 {[%emt 0:00:05]} 6. dxc3 {[%emt 0:00:05]} Be7 {[%emt 0:00:41]} 7. Be3 {[%emt 0:01:15]} Nc6 {[%emt 0:00:08]} 8. Qd2 {[%emt 0:00:22]} Be6 {[%emt 0:00:08]} 9. O-O-O {[%emt 0:00:15]} Qd7 {[%emt 0:04:07]} 10. Kb1 {[%emt 0:01:14]} a6 {[%emt 0:01:18]} 11. Nd4 {[%emt 0:13:53]} Nxd4 {[%emt 0:08:26]} 12. cxd4 {[%emt 0:00:17]} d5 {[%emt 0:02:37]} 13. h3 {[%emt 0:03:58]} O-O-O {[%emt 0:00:15]} 14. Qa5 {[%emt 0:06:50]} Qc6 {[%emt 0:04:37]} 15. Bd3 {[%emt 0:07:36]} Rd6 {[%emt 0:03:15]} 16. Bf4 {[%emt 0:05:51]} Qb6 {[%emt 0:00:22]} 17. Qxb6 {[%emt 0:03:43]} Rxb6 {[%emt 0:00:03]} 18. c3 {[%emt 0:07:48]} Kd7 {[%emt 0:06:48]} 19. g4 {[%emt 0:04:16]} Bd6 {[%emt 0:02:25]} 20. Be3 {[%emt 0:04:55]} f6 {[%emt 0:20:07]} 21. f4 {[%emt 0:07:03]} Be7 {[%emt 0:04:45]} 22. Bc2 {[%emt 0:02:22]} Rd6 {[%emt 0:08:49]} 23. Rde1 {[%emt 0:04:58]} Kd8 {[%emt 0:05:01]} 24. Re2 {[%emt 0:02:56]} Bf7 {[%emt 0:02:01]} 25. Rhe1 {[%emt 0:03:02]} Bg6 {[%emt 0:02:09]} 26. f5 {[%emt 0:02:53]} Bf7 {[%emt 0:00:11]} 27. b3 {[%emt 0:04:45]} Re8 {[%emt 0:00:39]} 28. Bc1 {[%emt 0:00:24]} Rd7 {[%emt 0:02:18]} 29. b4 {[%emt 0:05:36]} Bd6 {[%emt 0:01:25]} 30. a4 {[%emt 0:01:46]} Rde7 {[%emt 0:01:05]} 31. Rxe7 {[%emt 0:00:40]} Rxe7 {[%emt 0:00:05]} 32. Rxe7 {[%emt 0:00:07]} Bxe7 {[%emt 0:00:06]} 33. Bf4 {[%emt 0:00:56]} Kd7 {[%emt 0:01:19]} 34. Kc1 {[%emt 0:00:58]} Bd6 {[%emt 0:02:46]} 35. Bxd6 {[%emt 0:00:52]} Kxd6 {[%emt 0:00:06]} 36. Kb2 {[%emt 0:02:04]} Be8 {[%emt 0:00:17]} 37. Ka3 {[%emt 0:00:17]} Bc6 {[%emt 0:06:54]} 38. Bd3 {[%emt 0:01:22]} Ke7 {[%emt 0:01:31]} 39. b5 {[%emt 0:01:37]} axb5 {[%emt 0:00:13]} 40. axb5 {[%emt 0:00:06]} Bd7 {[%emt 0:00:12]} 41. Kb4 {[%emt 0:30:39]} Kd6 {[%emt 0:30:20]} 42. Bc2 {[%emt 0:00:00]} h6 {[%emt 0:00:00]} 1/2-1/2

[Event "CZE-ch Youth B14 2022"]
[Site "Luhacovice"]
[Date "2022.03.13"]
[Round "2.11"]
[White "Veverka, Vladimir"]
[Black "Mrazek, Adam"]
[Result "1/2-1/2"]
[WhiteElo "1723"]
[BlackElo "1582"]
[Annotator "NA"]
[PlyCount "73"]
[EventDate "2022.03.12"]
[EventType "swiss"]
[EventCountry "CZE"]
[SourceTitle "playchess.com"]
[Source "ChessBase"]
[SourceQuality "1"]
[TimeControl "40/5400+30:1800+30"]

1. d4 {[%emt 0:00:13]} Nf6 {[%emt 0:00:19]} 2. c4 {[%emt 0:00:39]} g6 {[%emt 0:00:21]} 3. Nc3 {[%emt 0:00:16]} Bg7 {[%emt 0:00:38]} 4. e4 {[%emt 0:00:26]} d6 {[%emt 0:00:45]} 5. Nf3 {[%emt 0:00:42]} O-O {[%emt 0:00:59]} 6. Be2 e5 {[%emt 0:01:16]} 7. dxe5 {[%emt 0:01:33]} dxe5 {[%emt 0:00:15]} 8. Qxd8 {[%emt 0:00:12]} Rxd8 {[%emt 0:00:06]} 9. Bg5 {[%emt 0:00:09]} Re8 {[%emt 0:00:35]} 10. Nd5 {[%emt 0:00:20]} Nxd5 {[%emt 0:01:09]} 11. cxd5 {[%emt 0:01:08]} c6 {[%emt 0:01:24]} 12. Bc4 {[%emt 0:01:16]} cxd5 {[%emt 0:01:18]} 13. Bxd5 {[%emt 0:01:07]} Nd7 {[%emt 0:01:12]} 14. Nd2 {[%emt 0:02:16]} Nb6 {[%emt 0:01:35]} 15. Bb3 {[%emt 0:03:15]} Be6 {[%emt 0:01:28]} 16. Bxe6 {[%emt 0:01:17]} Rxe6 {[%emt 0:00:09]} 17. Rc1 {[%emt 0:02:26]} Rc8 {[%emt 0:02:11]} 18. Rxc8+ {[%emt 0:02:46]} Nxc8 {[%emt 0:00:13]} 19. Nb3 {[%emt 0:01:26]} Rc6 {[%emt 0:25:53]} 20. Kd2 {[%emt 0:07:45]} Nb6 {[%emt 0:05:53]} 21. Na5 {[%emt 0:04:37]} Nc4+ {[%emt 0:04:28]} 22. Nxc4 {[%emt 0:01:53]} Rxc4 {[%emt 0:00:07]} 23. Rc1 {[%emt 0:05:01]} Rxc1 {[%emt 0:10:20]} 24. Kxc1 {[%emt 0:00:15]} f5 {[%emt 0:07:06]} 25. Be3 {[%emt 0:03:09]} b6 {[%emt 0:08:38]} 26. f3 {[%emt 0:01:08]} Kf7 {[%emt 0:00:57]} 27. Kc2 {[%emt 0:00:56]} Ke6 {[%emt 0:02:23]} 28. Kc3 {[%emt 0:02:14]} Kd6 {[%emt 0:01:42]} 29. Kc4 {[%emt 0:00:40]} Kc6 {[%emt 0:01:42]} 30. a4 {[%emt 0:00:36]} a6 {[%emt 0:04:51]} 31. g4 {[%emt 0:07:04]} f4 {[%emt 0:08:04]} 32. Bf2 {[%emt 0:00:34]} g5 {[%emt 0:01:20]} 33. h4 {[%emt 0:00:43]} h6 {[%emt 0:00:15]} 34. hxg5 {[%emt 0:00:25]} hxg5 {[%emt 0:00:05]} 35. b4 {[%emt 0:00:29]} b5+ {[%emt 0:01:26]} 36. axb5+ {[%emt 0:00:54]} axb5+ {[%emt 0:00:31]} 37. Kc3 {[%emt 0:00:16]} 1/2-1/2

[Event "CZE-ch Youth B14 2022"]
[Site "Luhacovice"]
[Date "2022.03.13"]
[Round "2.12"]
[White "Davidek, Zdenek"]
[Black "Dusanek, Michal"]
[Result "0-1"]
[WhiteElo "1570"]
[BlackElo "1682"]
[Annotator "NA"]
[PlyCount "78"]
[EventDate "2022.03.12"]
[EventType "swiss"]
[EventCountry "CZE"]
[SourceTitle "playchess.com"]
[Source "ChessBase"]
[SourceQuality "1"]
[TimeControl "40/5400+30:1800+30"]

1. e4 c5 2. Nf3 Nc6 3. Bb5 g6 4. Bxc6 bxc6 5. O-O Bg7 6. Re1 Nh6 7. d3 O-O 8. Nc3 d6 9. h3 e5 10. Bg5 f6 11. Bxh6 Bxh6 12. Nh2 Rf7 13. Ng4 Bf8 14. Qd2 Rb8 15. Na4 Bxg4 16. hxg4 f5 17. gxf5 gxf5 18. Re3 f4 19. Rh3 Rg7 20. Qe2 Qg5 21. g3 fxg3 22. Rxg3 Qf4 23. Kg2 Rbb7 24. Re1 Rxg3+ 25. fxg3 Rg7 26. Qf2 Be7 27. Re3 h5 28. Kf1 Qg4 29. Rf3 Qh3+ 30. Qg2 Qe6 31. b3 h4 32. Qh2 h3 33. Kf2 Qh6 34. Kg1 Qh5 35. Kf2 Bg5 36. Nc3 Bh6 37. Ne2 Rf7 38. g4 Qxg4 39. Qxh3 Qxh3 0-1